| 000 | 00784cam a22002651 4500 | ||
|---|---|---|---|
| 999 |
_c9884 _d9884 |
||
| 001 | 9884 | ||
| 003 | BD-JhCC | ||
| 005 | 20180403093457.0 | ||
| 008 | 180403s1968 caua 000 0 eng | ||
| 035 | _a(BD-JhCC)9884 | ||
| 040 |
_aDLC _cDLC _dICU _dDLC _dICU _dBD-JhCC |
||
| 041 | _aeng | ||
| 050 | 0 | 0 |
_aQD253 _b.G4 1968 |
| 082 | 0 | 0 |
_a547 _bGEI 1968 |
| 100 | 1 |
_aGeissman, T. A. _q(Theodore Albert), _d1908- |
|
| 245 | 1 | 0 |
_aPrinciples of organic chemistry / _c[by] T. A. Geissman. |
| 250 | _a3d ed. | ||
| 260 |
_aSan Francisco : _bW. H. Freeman, _c1968. |
||
| 300 |
_avii, 883 p. _billus. _c24 cm. |
||
| 490 | 1 | _aA Series of books in chemistry | |
| 650 | 0 | _aChemistry, Organic. | |
| 830 | 0 | _aSeries of books in chemistry (San Francisco, Calif.) | |
| 942 |
_2ddc _cBK |
||